000 00356nam a22001337a 4500
020 _qHB.
040 _cFIZZA ISHAQ
082 _a301.434
_bGAI
100 _aSHEEHY,GAIL.
_9132728
245 _aPASSAGES PREDICTABLE CRISES OF ADULT LIFE /
_cGAIL SHEEHY.
260 _aNEW YORK;
_bE.P.DUTTON & CO,
_c1974.
300 _a393 P. ;
_c9.3X6.3IN
942 _2ddc
_cBK
999 _c615783
_d615783